[Event "Beijing Sportaccord rap"]
[Site "Beijing"]
[Date "2012.12.14"]
[Round "2"]
[White "Aronian, Levon"]
[Black "Radjabov, Teimour"]
[Result "1/2-1/2"]
[WhiteElo "2815"]
[BlackElo "2793"]
[PlyCount "62"]
[EventDate "2012.12.14"]
[EventType "swiss (rapid)"]
[EventRounds "7"]
[EventCountry "CHN"]
[SourceTitle "EXT 2014"]
[Source "ChessBase"]
[SourceDate "2013.11.20"]
[SourceVersion "1"]
[SourceVersionDate "2013.11.20"]
[SourceQuality "1"]

1. c4 g6 2. d4 Nf6 3. Nc3 Bg7 4. g3 d5 5. cxd5 Nxd5 6. Bg2 Nxc3 7. bxc3 c5 8.
e3 Qa5 9. Ne2 cxd4 10. exd4 Nc6 11. O-O O-O 12. a4 Rd8 13. h3 Be6 14. Qd3 Bd5
15. Qb5 a6 16. Qxa5 Nxa5 17. Bxd5 Rxd5 18. Rb1 Rc8 19. Bd2 Rd7 20. Rfd1 Rc4 21.
Nf4 e5 22. dxe5 Bxe5 23. Be3 Rxd1+ 24. Rxd1 Rxa4 25. Rd8+ Kg7 26. Rd7 Nc4 27.
Bd4 Bxd4 28. cxd4 Kf8 29. Rxb7 Nd6 30. Rb8+ Kg7 31. Ra8 Rxd4 1/2-1/2

[Event "Beijing Sportaccord rap"]
[Site "Beijing"]
[Date "2012.12.14"]
[Round "4"]
[White "Giri, Anish"]
[Black "Radjabov, Teimour"]
[Result "0-1"]
[WhiteElo "2720"]
[BlackElo "2793"]
[PlyCount "60"]
[EventDate "2012.12.14"]
[EventType "swiss (rapid)"]
[EventRounds "7"]
[EventCountry "CHN"]
[SourceTitle "EXT 2014"]
[Source "ChessBase"]
[SourceDate "2013.11.20"]
[SourceVersion "1"]
[SourceVersionDate "2013.11.20"]
[SourceQuality "1"]

1. Nf3 Nf6 2. g3 g6 3. Bg2 Bg7 4. O-O c5 5. c4 O-O 6. Nc3 d5 7. cxd5 Nxd5 8.
Nxd5 Qxd5 9. d3 Nc6 10. Be3 Bd7 11. Nd4 Qd6 12. Nxc6 Bxc6 13. Bxc6 Qxc6 14. Rc1
Qa6 15. Rxc5 b6 16. Rc2 Qxa2 17. Qd2 Rac8 18. Rfc1 Rxc2 19. Rxc2 Ra8 20. b4 Qb3
21. Rc4 a5 22. Bxb6 a4 23. Qc2 Bb2 24. Rc8+ Rxc8 25. Qxc8+ Kg7 26. Bc5 a3 27.
Bxe7 h5 28. d4 Bxd4 29. Bc5 Bxc5 30. Qxc5 Qb2 0-1

[Event "Beijing Sportaccord rap"]
[Site "Beijing"]
[Date "2012.12.15"]
[Round "6"]
[White "Leko, Peter"]
[Black "Radjabov, Teimour"]
[Result "0-1"]
[WhiteElo "2732"]
[BlackElo "2793"]
[PlyCount "82"]
[EventDate "2012.12.14"]
[EventType "swiss (rapid)"]
[EventRounds "7"]
[EventCountry "CHN"]
[SourceTitle "EXT 2014"]
[Source "ChessBase"]
[SourceDate "2013.11.20"]
[SourceVersion "1"]
[SourceVersionDate "2013.11.20"]
[SourceQuality "1"]

1. e4 c5 2. Nf3 Nc6 3. d4 cxd4 4. Nxd4 g6 5. c4 Bg7 6. Be3 Nf6 7. Nc3 Ng4 8.
Qxg4 Nxd4 9. Qd1 Ne6 10. Qd2 b6 11. Be2 Bb7 12. O-O O-O 13. f3 Bc6 14. Kh1 a5
15. Rab1 Nc5 16. b3 e6 17. a3 Qf6 18. Nb5 Bxb5 19. cxb5 Rfc8 20. Rfd1 Qd8 21.
Bf1 Ra7 22. Bg5 Bf6 23. Bf4 d5 24. exd5 exd5 25. Bg3 Rd7 26. Bf2 d4 27. Re1 d3
28. Red1 Kg7 29. Be3 h5 30. Qf2 Rd6 31. Bf4 Rd5 32. Be3 Qd7 33. Rd2 Qxb5 34. b4
axb4 35. axb4 Na4 36. Rb3 Nc3 37. Bxb6 Qa4 38. Rbb2 Nd1 39. Rxd1 Qxd1 40. Rd2
Qb1 41. Bc5 Bc3 0-1

[Event "Beijing Sportaccord rap"]
[Site "Beijing"]
[Date "2012.12.15"]
[Round "7"]
[White "Radjabov, Teimour"]
[Black "Kamsky, Gata"]
[Result "1-0"]
[WhiteElo "2793"]
[BlackElo "2762"]
[PlyCount "165"]
[EventDate "2012.12.14"]
[EventType "swiss (rapid)"]
[EventRounds "7"]
[EventCountry "CHN"]
[SourceTitle "EXT 2014"]
[Source "ChessBase"]
[SourceDate "2013.11.20"]
[SourceVersion "1"]
[SourceVersionDate "2013.11.20"]
[SourceQuality "1"]

1. Nf3 Nf6 2. c4 c6 3. g3 d5 4. Bg2 Bf5 5. cxd5 cxd5 6. Qb3 Qb6 7. Qxb6 axb6 8.
Nc3 Nc6 9. d3 e6 10. Bd2 Be7 11. Nh4 Bg4 12. h3 Bh5 13. g4 Bg6 14. f4 Nd7 15.
Nf3 Ra5 16. Nd1 Ra6 17. Nc3 Ra5 18. Nd1 Bb4 19. Ne3 h6 20. Nc2 Bxd2+ 21. Kxd2
Ke7 22. Nfd4 Ra4 23. Ke3 Rha8 24. a3 Rc8 25. Rac1 Raa8 26. Bf3 Nc5 27. b3 Bh7
28. b4 Nd7 29. Nb5 g5 30. Bg2 gxf4+ 31. Kxf4 Nf6 32. Ke3 Nd7 33. Kd2 Nde5 34.
Ncd4 Bg6 35. Ke3 h5 36. g5 h4 37. Rhf1 Rh8 38. Nxc6+ Nxc6 39. Bf3 Bf5 40. Bxd5
Bxh3 41. Rh1 exd5 42. Rxh3 Rag8 43. Rch1 Rxg5 44. Rxh4 Rhg8 45. Rf1 Re5+ 46.
Kd2 Rg2 47. Re1 Rf2 48. Nc3 Ke6 49. Reh1 Ne7 50. R1h2 Rxh2 51. Rxh2 Nc8 52. Nb5
Rg5 53. Rh8 Nd6 54. Nd4+ Kd7 55. Nf3 Rg2 56. Rh5 f5 57. Nd4 Rf2 58. Rh7+ Kc8
59. Re7 Rf4 60. Kc3 Rf1 61. Re5 Kc7 62. Rxd5 Rf2 63. Kd2 Rf1 64. Kc3 Rf2 65.
Re5 Kd7 66. Re3 Rf1 67. Rh3 Ra1 68. Kb3 Rb1+ 69. Kc2 Ra1 70. Rh7+ Ke8 71. Rh6
Kd7 72. Kd2 Ke7 73. Ke3 Rf1 74. Nf3 Ra1 75. Nd4 Rf1 76. Rg6 b5 77. Re6+ Kd7 78.
Re5 f4+ 79. Kd2 Ra1 80. Nxb5 Ra2+ 81. Ke1 Nxb5 82. Rxb5 Rxa3 83. Rf5 1-0

[Event "Zug FIDE GP"]
[Site "Zug"]
[Date "2013.04.18"]
[Round "1"]
[White "Caruana, Fabiano"]
[Black "Radjabov, Teimour"]
[Result "1-0"]
[WhiteElo "2772"]
[BlackElo "2793"]
[Annotator "Schulz,Andre"]
[PlyCount "102"]
[EventDate "2013.04.18"]
[EventType "tourn"]
[EventRounds "11"]
[EventCountry "SUI"]
[EventCategory "21"]
[SourceTitle "CBM 154"]
[Source "ChessBase"]
[SourceDate "2013.05.15"]
[SourceVersion "1"]
[SourceVersionDate "2013.05.15"]
[SourceQuality "1"]

1. e4 e5 2. Nf3 Nc6 3. Bb5 f5 {Das Spanische Jänisch-Gambit gehört zum
ständigen Repertoire von Teimour Radjabov.} 4. d3 ({Zur Hauptvariante führt} 
4. Nc3 fxe4 5. Nxe4 {und nun hat Schwarz die Wahl:} d5 ({oder} 5... Nf6 6.
Nxf6+ Qxf6 7. Qe2 Be7 8. Bxc6 bxc6 9. Nxe5 Qe6 10. Nf3 Qxe2+ 11. Kxe2 c5 12.
Re1 Bb7 13. Kf1 Bxf3 14. gxf3 Rf8 15. Kg2 Rf5 16. d3 d5 17. f4 Rf7 18. Re5
O-O-O 19. Rb1 c6 20. Bd2 Bd6 21. Re6 Kd7 22. Rbe1 Rdf8 23. R1e2 Rf6 24. Rxf6
Rxf6 25. Be3 Re6 26. Kf3 d4 27. Bd2 Rxe2 28. Kxe2 Ke6 29. Kf3 Kf5 30. h3 {
1/2-1/2 (30) Karjakin,S (2776)-Radjabov,T (2744) Medias 2011}) 6. Nxe5 dxe4 7.
Nxc6 Qg5 8. Qe2 Nf6 9. f4 Qxf4 10. d4 Qd6 11. Ne5+ c6 12. Bc4 Be6 13. c3 Be7
14. Bg5 O-O 15. O-O Rae8 16. Rae1 Bxc4 17. Qxc4+ Qd5 18. Rf5 Qxc4 19. Nxc4 Nd5
20. Rxf8+ Bxf8 21. g3 c5 22. Ne3 cxd4 23. Nxd5 Re5 24. Nf6+ gxf6 25. Bxf6 Rb5
26. Bxd4 Rxb2 27. Bxa7 Rxa2 28. Bd4 Bg7 29. Rxe4 Bxd4+ 30. Rxd4 b5 31. Rd5 {
1/2-1/2 (31) Karjakin,S (2788)-Radjabov,T (2744) Ningbo 2011}) 4... fxe4 5.
dxe4 Nf6 6. O-O Bc5 7. Bxc6 (7. Nc3 O-O 8. Bg5 d6 9. Nd5 Kh8 10. c3 Ne7 11.
Nxf6 gxf6 12. Be3 Bxe3 13. fxe3 Ng6 14. Nd2 c6 15. Bd3 Be6 16. Rf2 Qb6 17. Nf1
Rf7 18. Qh5 Rg8 19. Re1 d5 20. Ng3 d4 21. exd4 exd4 22. e5 dxc3 23. Bxg6 Rxg6
24. bxc3 Bg4 25. Qh4 fxe5 26. Ne4 Be6 27. Kh1 Rxf2 28. Nxf2 Qb2 29. Rd1 Qe2 30.
h3 h6 31. Kh2 Qe3 32. Rd8+ Kh7 33. Rb8 Rg7 34. Rf8 Qg5 35. Qe4+ Qg6 36. g4 Bxa2
37. Qxe5 Qe6 38. Qf4 Rf7 39. Rxf7+ Qxf7 40. Qe4+ Kg7 41. Nd3 Qc7+ 42. Ne5 Qd6
43. Kg3 a5 44. Qf4 a4 45. g5 hxg5 46. Qxg5+ Kf8 47. c4 c5 48. Qf5+ Ke7 49. Kg2
Bb3 50. Qe4 b6 51. Ng4+ Qe6 52. Qb7+ Kf8 53. Qb8+ Kg7 54. Qc7+ Kg6 55. Qf4 Bc2
56. Qh6+ Kf7 57. Qf4+ Kg7 58. Qc1 Be4+ 59. Kg3 Qd6+ 60. Kh4 Qe7+ 61. Kg3 Qd6+
62. Kh4 Kf7 63. Qb2 Bf5 64. Qf2 Kg6 65. Qa2 Bxg4 66. hxg4 Qd8+ 67. Kg3 Qd3+ 68.
Kh4 a3 69. Qa1 Kf7 {0-1 (69) Anand,V (2817)-Ivanchuk,V (2765) Sao Paulo/Bilbao
2011}) ({Die genaueste Zugfolge scheint} 7. Qd3 d6 8. Qc4 {zu sein:} Qe7 9. Nc3
Bd7 (9... Be6 $2 10. Nd5 a6 11. Bxc6+ bxc6 12. Nxc7+ $16) 10. Nd5 Nxd5 11. exd5
Nd4 12. Bxd7+ Qxd7 13. Nxe5 Qf5 14. Nd3 O-O-O 15. a4 Rhe8 16. Kh1 g5 17. Be3
Nf3 18. Nxc5 dxc5 19. Rfd1 Re4 20. Qf1 Nd4 21. Qd3 Qe5 22. Bxg5 Re8 23. Bd2 Rh4
24. h3 Qxd5 25. c4 Qc6 26. Qg3 Nf5 27. Qd3 Nd4 28. Qg3 Nf5 29. Qd3 Nd4 30. Qg3
Nf5 {1/2-1/2 (30) Mamedyarov,S (2752)-Radjabov,T (2751) Baku 2008}) 7... bxc6
8. Nxe5 O-O 9. Nc3 d6 10. Na4 (10. Nxc6 Qe8 11. Nd4 Nxe4 {bringt Weiß nichts
ein.}) 10... Qe8 11. Nd3 Nxe4 12. Naxc5 Nxc5 13. Nxc5 dxc5 {Im Ergebnis der
weißen Manöver hat Schwarz einen Triple-Bauern auf der c-Linie erhalten, der
seine Damenflügelmehrheit entscheidend entwertet. Auch der a-Bauer ist sehr
schwach geworden.} 14. Be3 Qg6 15. Qd3 Bf5 16. Qc4+ Be6 (16... Kh8 $5 17. Qxc5
(17. c3 $2 Bh3 $19) (17. Kh1 Bxc2 18. Qxc5 Bd3 19. Rfe1 Be4 20. Qg5 $11) 17...
Bxc2 18. f3 (18. Rac1 Be4 19. Qg5 Qxg5 20. Bxg5 Bd5) 18... Bd3 19. Rf2 $14) 17.
Qe2 {Sonst folgt unangenehm Lh3} c4 (17... Rae8 $5 {mit der Idee} 18. Z0 Bh3
19. f3 Rxe3) 18. f3 a6 19. Bd4 Rae8 20. Kh1 Bd5 21. Qd2 Re6 22. Bc3 h6 23. Rf2
Kh7 24. Raf1 Rf5 25. Re1 Rd6 (25... Rxe1+ 26. Qxe1 Rf8 27. Qe7 Qf7 28. Re2 Qxe7
29. Rxe7 Rf7 30. Re8 {und der a-Bauer wird fallen.}) 26. Be5 Rd7 27. Qc3 Qg5
28. Rfe2 Rdf7 {Es droht Txf3.} 29. Re3 h5 30. R1e2 Qg6 31. h3 Qg5 32. Kh2 h4
33. Qd4 Re7 34. Qg4 Kg8 ({Nach} 34... Qxg4 35. hxg4 Rff7 {erobert Weiß auch
die e-Linie.} 36. Bc3 Rxe3 37. Rxe3) 35. Bc3 Rxe3 36. Rxe3 Kf7 (36... Qxe3 $2
37. Qxg7#) 37. Be1 Qf4+ (37... Qxe3 38. Qxf5+ $18) 38. Qxf4 Rxf4 39. Ra3 {
Mit dem Fall des a-Bauern ist die Partie entschieden.} Rd4 40. Rxa6 g5 41. Ra7
Rd1 42. Rxc7+ Ke6 43. Bb4 c3 44. Bxc3 Rc1 45. Rg7 ({Nach} 45. a4 Rxc2 46. Rg7 {
hat Schwarz noch} Bxf3 {.Nach} 47. Rxg5 Bd5 48. a5 {liegen die Trümpfe aber
auch hier auf Seiten von Weiß.}) 45... Bxa2 (45... Rxc2 46. Rxg5 Bxf3 {
führt zur obigen Variante.}) 46. Rxg5 Rxc2 47. Rg6+ Kd7 48. Rg4 Bd5 49. Kg1
Rc1+ 50. Kf2 Rc2+ 51. Kf1 Be6 (51... Rc1+ 52. Ke2 Rc2+ 53. Kd3 $18) (51... Be6
52. Rxh4 $18) 1-0

[Event "Zug FIDE GP"]
[Site "Zug"]
[Date "2013.04.19"]
[Round "2"]
[White "Radjabov, Teimour"]
[Black "Karjakin, Sergey"]
[Result "1/2-1/2"]
[WhiteElo "2793"]
[BlackElo "2786"]
[PlyCount "77"]
[EventDate "2013.04.18"]
[EventType "tourn"]
[EventRounds "11"]
[EventCountry "SUI"]
[EventCategory "21"]
[SourceTitle "CBM 154"]
[Source "ChessBase"]
[SourceDate "2013.05.15"]
[SourceVersion "1"]
[SourceVersionDate "2013.05.15"]
[SourceQuality "1"]

1. d4 Nf6 2. c4 g6 3. Nc3 d5 4. cxd5 Nxd5 5. e4 Nxc3 6. bxc3 Bg7 7. Nf3 c5 8.
Rb1 O-O 9. Be2 cxd4 10. cxd4 Qa5+ 11. Bd2 Qxa2 12. O-O Bg4 13. Bg5 h6 14. Be3
Nc6 15. d5 Bxf3 16. gxf3 Nd4 17. Bxd4 Bxd4 18. Qxd4 Qxe2 19. Kg2 b6 20. Qe5
Rfe8 21. Rfc1 Qd3 22. h4 Rac8 23. Ra1 a5 24. Rc7 Rxc7 25. Qxc7 Qd4 26. Rb1 Qc5
27. Qa7 Qd6 28. Rxb6 Qf4 29. Qd7 Kf8 30. Ra6 Qxh4 31. Qg4 Qxg4+ 32. fxg4 e6 33.
Rxa5 exd5 34. exd5 Ke7 35. Kg3 Kd6 36. f3 Re5 37. Ra7 Re7 38. Ra8 Kxd5 39. Rh8
1/2-1/2

[Event "Zug FIDE GP"]
[Site "Zug"]
[Date "2013.04.20"]
[Round "3"]
[White "Giri, Anish"]
[Black "Radjabov, Teimour"]
[Result "1/2-1/2"]
[WhiteElo "2727"]
[BlackElo "2793"]
[PlyCount "37"]
[EventDate "2013.04.18"]
[EventType "tourn"]
[EventRounds "11"]
[EventCountry "SUI"]
[EventCategory "21"]
[SourceTitle "CBM 154"]
[Source "ChessBase"]
[SourceDate "2013.05.15"]
[SourceVersion "1"]
[SourceVersionDate "2013.05.15"]
[SourceQuality "1"]

1. d4 Nf6 2. c4 e6 3. Nf3 d5 4. g3 Be7 5. Bg2 O-O 6. O-O dxc4 7. Qa4 a6 8. Qxc4
b5 9. Qc2 Bb7 10. Bd2 Be4 11. Qc1 Bb7 12. a3 Nbd7 13. Ba5 Rc8 14. Nbd2 Nb6 15.
Nb3 Bd5 16. Qc2 Be4 17. Qc1 Bd5 18. Qc2 Be4 19. Qc1 1/2-1/2

[Event "Zug FIDE GP"]
[Site "Zug"]
[Date "2013.04.21"]
[Round "4"]
[White "Radjabov, Teimour"]
[Black "Leko, Peter"]
[Result "1/2-1/2"]
[WhiteElo "2793"]
[BlackElo "2744"]
[PlyCount "156"]
[EventDate "2013.04.18"]
[EventType "tourn"]
[EventRounds "11"]
[EventCountry "SUI"]
[EventCategory "21"]
[SourceTitle "CBM 154"]
[Source "ChessBase"]
[SourceDate "2013.05.15"]
[SourceVersion "1"]
[SourceVersionDate "2013.05.15"]
[SourceQuality "1"]

1. d4 Nf6 2. c4 e6 3. Nf3 d5 4. Nc3 Bb4 5. Qb3 c5 6. dxc5 Nc6 7. Bg5 Qa5 8.
Bxf6 dxc4 9. Qxc4 gxf6 10. Rc1 Qxc5 11. Qh4 Ke7 12. g3 Bxc3+ 13. bxc3 b6 14.
Bg2 Bb7 15. O-O h5 16. Nd4 Rac8 17. Rb1 Rc7 18. Rfd1 Nxd4 19. cxd4 Qg5 20. d5
Qxh4 21. d6+ Ke8 22. dxc7 Qc4 23. Rbc1 Qxc1 24. Rxc1 Bc8 25. Rd1 Ke7 26. h4 e5
27. Bf3 Be6 28. Rc1 Bc8 29. Rd1 Be6 30. Bb7 Bc8 31. Bxc8 Rxc8 32. Rc1 b5 33. f3
b4 34. g4 hxg4 35. fxg4 a5 36. Rc4 a4 37. Rxb4 Rxc7 38. Rxa4 Kf8 39. Kf2 Rc3
40. e3 Kg7 41. Ra8 Rc2+ 42. Kf3 Rh2 43. h5 Rh3+ 44. Kf2 f5 45. gxf5 Rxh5 46. e4
Rh3 47. Ra6 Rd3 48. a4 Rd4 49. Ke3 Rb4 50. a5 Ra4 51. Kf3 Ra3+ 52. Kg4 Ra1 53.
Ra8 Kf6 54. Ra6+ Kg7 55. Rb6 Rxa5 56. Kg5 Ra1 57. f6+ Kh7 58. Rb8 Rh1 59. Rb7
Rg1+ 60. Kf5 Rf1+ 61. Kxe5 Kg6 62. Rb2 Rg1 63. Rf2 Rg5+ 64. Kd6 Ra5 65. e5 Ra6+
66. Kd5 Ra5+ 67. Kd4 Ra4+ 68. Kd3 Ra3+ 69. Ke4 Ra4+ 70. Ke3 Ra3+ 71. Kd4 Ra4+
72. Kc5 Ra5+ 73. Kd6 Ra6+ 74. Kd7 Re6 75. Rg2+ Kf5 76. Rg7 Kxe5 77. Rxf7 Rxf6
78. Rxf6 Kxf6 1/2-1/2

[Event "Zug FIDE GP"]
[Site "Zug"]
[Date "2013.04.23"]
[Round "5"]
[White "Kamsky, Gata"]
[Black "Radjabov, Teimour"]
[Result "1-0"]
[WhiteElo "2741"]
[BlackElo "2793"]
[PlyCount "103"]
[EventDate "2013.04.18"]
[EventType "tourn"]
[EventRounds "11"]
[EventCountry "SUI"]
[EventCategory "21"]
[SourceTitle "CBM 154"]
[Source "ChessBase"]
[SourceDate "2013.05.15"]
[SourceVersion "1"]
[SourceVersionDate "2013.05.15"]
[SourceQuality "1"]

1. e4 c5 2. Nf3 Nc6 3. Bb5 e6 4. O-O Nge7 5. Re1 a6 6. Bxc6 bxc6 7. e5 Ng6 8.
b3 Be7 9. c3 O-O 10. d4 cxd4 11. cxd4 c5 12. Ba3 cxd4 13. Bxe7 Qxe7 14. Qxd4
Bb7 15. Nbd2 f6 16. Ne4 fxe5 17. Nxe5 Nxe5 18. Qxe5 Bc6 19. Rad1 Rf5 20. Qd6
Qxd6 21. Nxd6 Rg5 22. g3 Ra5 23. Rd2 Rd5 24. Rxd5 Bxd5 25. f4 Kf8 26. Rc1 Bc6
27. Nc4 a5 28. Ne5 a4 29. Nxc6 dxc6 30. Rxc6 axb3 31. axb3 Ra1+ 32. Kg2 Ra2+
33. Kf3 Ke7 34. h3 Rb2 35. Rc3 h6 36. h4 Kf6 37. Ke4 g5 38. fxg5+ hxg5 39. h5
Rh2 40. g4 Rg2 41. Kf3 Rb2 42. Kg3 Kg7 43. Rc7+ Kh6 44. Rb7 e5 45. Rb6+ Kh7 46.
Rg6 Rxb3+ 47. Kf2 e4 48. Rxg5 Rf3+ 49. Kg2 Ra3 50. Rg6 Rb3 51. Re6 Kg7 52. Rxe4
1-0

[Event "Zug FIDE GP"]
[Site "Zug"]
[Date "2013.04.24"]
[Round "6"]
[White "Radjabov, Teimour"]
[Black "Topalov, Veselin"]
[Result "1/2-1/2"]
[WhiteElo "2793"]
[BlackElo "2771"]
[PlyCount "62"]
[EventDate "2013.04.18"]
[EventType "tourn"]
[EventRounds "11"]
[EventCountry "SUI"]
[EventCategory "21"]
[SourceTitle "CBM 154"]
[Source "ChessBase"]
[SourceDate "2013.05.15"]
[SourceVersion "1"]
[SourceVersionDate "2013.05.15"]
[SourceQuality "1"]

1. d4 Nf6 2. c4 e6 3. Nc3 Bb4 4. Qc2 d5 5. cxd5 exd5 6. Bg5 c5 7. dxc5 h6 8.
Bh4 g5 9. Bg3 Ne4 10. e3 Qa5 11. Nge2 Bf5 12. Be5 O-O 13. Nd4 Re8 14. Nxf5 Rxe5
15. Nxh6+ Kg7 16. Ng4 Re7 17. O-O-O Bxc3 18. f3 Qxa2 19. fxe4 Qa1+ 20. Qb1
Bxb2+ 21. Kc2 Qa4+ 22. Kxb2 Rxe4 23. Rd4 Rxd4 24. exd4 Qxd4+ 25. Ka3 Qxg4 26.
Qxb7 Qd4 27. Qxa8 Qc3+ 28. Ka2 Qc2+ 29. Ka3 Qc3+ 30. Ka2 Qc2+ 31. Ka3 Qc3+
1/2-1/2

[Event "Zug FIDE GP"]
[Site "Zug"]
[Date "2013.04.28"]
[Round "9"]
[White "Radjabov, Teimour"]
[Black "Ponomariov, Ruslan"]
[Result "1-0"]
[WhiteElo "2793"]
[BlackElo "2733"]
[PlyCount "101"]
[EventDate "2013.04.18"]
[EventType "tourn"]
[EventRounds "11"]
[EventCountry "SUI"]
[EventCategory "21"]
[SourceTitle "CBM 154"]
[Source "ChessBase"]
[SourceDate "2013.05.15"]
[SourceVersion "1"]
[SourceVersionDate "2013.05.15"]
[SourceQuality "1"]

1. d4 d5 2. c4 dxc4 3. e4 Nf6 4. e5 Nd5 5. Bxc4 Nb6 6. Bd3 Nc6 7. Ne2 Bg4 8.
Be3 Qd7 9. Nbc3 O-O-O 10. a4 Nxe5 11. Be4 f5 12. a5 Nbc4 13. Bxb7+ Kxb7 14.
Qb3+ Ka8 15. dxe5 Nxe3 16. fxe3 Bxe2 17. Nxe2 Qd5 18. Qxd5+ Rxd5 19. Kf2 g6 20.
Rhd1 Rxd1 21. Rxd1 Bg7 22. Rd5 Rb8 23. Nd4 Rxb2+ 24. Kf3 Kb7 25. Ne6 Bh8 26.
Rc5 c6 27. Nd8+ Ka6 28. Rxc6+ Kxa5 29. Re6 Ka4 30. Rxe7 a5 31. Re8 Bg7 32. Ne6
Bh6 33. Re7 Rb5 34. Nd4 Bg5 35. Re8 Rc5 36. Ne2 Ka3 37. g3 a4 38. h4 Bh6 39. e6
Re5 40. Nf4 Bxf4 41. Kxf4 Re4+ 42. Kg5 Rxe3 43. Kf6 Rxg3 44. e7 Re3 45. Rb8 Ka2
46. Rb6 Rxe7 47. Kxe7 a3 48. Kf6 Ka1 49. Kg7 a2 50. Kxh7 f4 51. Rb3 1-0

[Event "Zug FIDE GP"]
[Site "Zug"]
[Date "2013.04.29"]
[Round "10"]
[White "Morozevich, Alexander"]
[Black "Radjabov, Teimour"]
[Result "1-0"]
[WhiteElo "2758"]
[BlackElo "2793"]
[Annotator "CB"]
[PlyCount "89"]
[EventDate "2013.04.18"]
[EventType "tourn"]
[EventRounds "11"]
[EventCountry "SUI"]
[EventCategory "21"]
[SourceTitle "CBM 154"]
[Source "ChessBase"]
[SourceDate "2013.05.15"]
[SourceVersion "1"]
[SourceVersionDate "2013.05.15"]
[SourceQuality "1"]

1. e4 c5 2. Nf3 Nc6 3. d4 cxd4 4. Nxd4 e5 5. Nb5 d6 6. N1c3 a6 7. Na3 Be7 8.
Be3 (8. Nc4 b5 9. Ne3 Nf6 10. g3 O-O 11. Bg2 b4 12. Ncd5 Nxd5 13. Nxd5 Bg5 14.
Bxg5 Qxg5 15. O-O Rb8 16. Qd3 a5 17. a3 Be6 18. axb4 Nxb4 19. Nxb4 Rxb4 20.
Rxa5 Rxb2 21. Qxd6 Rxc2 22. Rxe5 Qd2 23. Qxd2 Rxd2 24. Rc5 Rb8 25. Rcc1 g6 26.
Rfd1 Ra2 27. Rb1 Rc8 28. Ra1 Rb2 29. Rac1 Ra8 30. Rb1 {1/2-1/2 (30) Karjakin,S
(2779)-Radjabov,T (2788) Astana 2012}) 8... Nf6 9. Nc4 b5 10. Nb6 Rb8 11. Nxc8
Qxc8 12. Be2 O-O 13. O-O b4 14. Nd5 Nxe4 15. a3 Bd8 16. Qd3 Nf6 17. Nxb4 Nxb4
$146 ({Predecessor:} 17... h5 18. Nxc6 Qxc6 19. b4 d5 20. Bc5 Re8 21. c4 d4 22.
Rfd1 Bc7 23. Rab1 Rbd8 24. Qf5 e4 25. b5 Qb7 26. b6 Bb8 27. Rb3 Re5 28. Qh3 Qc6
29. Bxd4 {0-1 (29) Sulskis,S (2582)-Radjabov,T (2656) Tallinn 2004}) 18. axb4
Rxb4 19. Qxd6 Rxb2 20. Bxa6 Qxc2 21. Rac1 Qa4 ({Black is okay but now has to
find the very accurate} 21... Qb3 $1 {The difference to the move in the game
is that after} 22. Rc8 {Black has} Qd5 {and after} 23. Qa3 {there is the
important resource} Ra2 $1) 22. Rc8 Nd7 23. Rfc1 Rb8 24. R8c6 Qg4 25. Bc8 Rxc8
26. Rxc8 Bf6 27. R8c7 Rd8 28. Rd1 Be7 29. Rxd7 Bxd6 30. Rxd8+ Bf8 31. h3 Qa4
32. Rc1 f5 33. Rcc8 Kf7 34. Rxf8+ Kg6 35. g3 h5 36. h4 Qg4 37. Bg5 f4 38. Bxf4
exf4 39. Rc6+ Kh7 40. Rxf4 Qd1+ 41. Kh2 Qd5 42. Rc7 Kg6 43. Rff7 Qxf7 ({
Black could have tried to trick White with the stalemate idea} 43... Kh6 44.
Rxg7 Qg2+ $1) 44. Rxf7 Kxf7 45. g4 1-0

[Event "Norway Masters blitz"]
[Site "Stavanger"]
[Date "2013.05.07"]
[Round "4"]
[White "Aronian, Levon"]
[Black "Radjabov, Teimour"]
[Result "0-1"]
[WhiteElo "2813"]
[BlackElo "2745"]
[PlyCount "98"]
[EventDate "2013.05.07"]
[EventType "tourn (blitz)"]
[EventRounds "9"]
[EventCountry "NOR"]
[EventCategory "21"]
[SourceTitle "CBM 154 Extra"]
[Source "ChessBase"]
[SourceDate "2013.06.25"]
[SourceVersion "2"]
[SourceVersionDate "2013.06.25"]
[SourceQuality "1"]

1. e4 c5 2. Nf3 Nc6 3. Nc3 g6 4. d4 cxd4 5. Nxd4 Bg7 6. Nb3 Nf6 7. Be2 d6 8.
O-O O-O 9. Re1 Be6 10. Bf1 Rc8 11. Bg5 Re8 12. Qd2 Nd7 13. Rad1 Nb6 14. f4 Bc4
15. Be2 Bxe2 16. Qxe2 Qc7 17. Nb5 Qb8 18. c3 a6 19. N5d4 Nxd4 20. cxd4 e6 21.
Rd3 Qc7 22. Qf2 h6 23. Bh4 Qd7 24. Rf1 Nc4 25. Rh3 a5 26. e5 Qb5 27. Bf6 Bxf6
28. exf6 Qf5 29. Qh4 h5 30. Rg3 a4 31. Nc1 Nb6 32. Ne2 Nd5 33. Nc3 Qxf6 34.
Qxh5 Nxc3 35. bxc3 Rxc3 36. Qd1 Rxg3 37. hxg3 b5 38. d5 e5 39. f5 g5 40. Qd3
Rb8 41. Rb1 Kg7 42. g4 Qe7 43. Rxb5 Qa7+ 44. Kf1 Qa6 45. Rb3 axb3 46. Qxa6 b2
47. f6+ Kg8 48. Qxd6 b1=Q+ 49. Kf2 Rb2+ 0-1

[Event "Norway Masters blitz"]
[Site "Stavanger"]
[Date "2013.05.07"]
[Round "5"]
[White "Radjabov, Teimour"]
[Black "Nakamura, Hikaru"]
[Result "1/2-1/2"]
[WhiteElo "2745"]
[BlackElo "2775"]
[PlyCount "140"]
[EventDate "2013.05.07"]
[EventType "tourn (blitz)"]
[EventRounds "9"]
[EventCountry "NOR"]
[EventCategory "21"]
[SourceTitle "CBM 154 Extra"]
[Source "ChessBase"]
[SourceDate "2013.06.25"]
[SourceVersion "2"]
[SourceVersionDate "2013.06.25"]
[SourceQuality "1"]

1. e4 g6 2. d4 Bg7 3. Nc3 d6 4. Be3 a6 5. a4 Nf6 6. f3 c6 7. Qd2 h5 8. Bd3 a5
9. Nge2 Na6 10. O-O O-O 11. Kh1 e5 12. Bc4 Nb4 13. Bb3 Qc7 14. Bh6 Kh7 15. Bxg7
Kxg7 16. Rad1 Be6 17. Bxe6 fxe6 18. dxe5 dxe5 19. Nb1 Rad8 20. Qc3 Rxd1 21.
Rxd1 Rd8 22. Rxd8 Qxd8 23. Nd2 Na2 24. Qe3 Nb4 25. Qc3 Na2 26. Qe3 Nd7 27. Kg1
Qb6 28. Qxb6 Nxb6 29. b3 Nb4 30. c3 Nd3 31. Kf1 Nd7 32. Nc4 b6 33. g3 Kf6 34.
h4 Ke7 35. Kg2 Kd8 36. f4 N3c5 37. fxe5 Nxb3 38. Nf4 Nbc5 39. Nxg6 Nxe4 40. g4
b5 41. gxh5 Ke8 42. h6 Nf8 43. Nd6+ Nxd6 44. Nxf8 Nf7 45. Nxe6 bxa4 46. h7 a3
47. Nd4 a2 48. Nc2 Ke7 49. Kf2 Ke6 50. Ke2 Kxe5 51. Kd2 Ke4 52. Kc1 Kd3 53. Kb2
c5 54. h5 a4 55. Na3 a1=Q+ 56. Kxa1 Kxc3 57. Nb5+ Kd3 58. Kb2 c4 59. Ka3 c3 60.
Nxc3 Kxc3 61. Kxa4 Kc4 62. Ka3 Kd5 63. Kb4 Ke5 64. Kc5 Kf6 65. Kd5 Kg7 66. Ke6
Ng5+ 67. Kf5 Kxh7 68. Kxg5 Kg7 69. h6+ Kh7 70. Kf4 Kxh6 1/2-1/2

[Event "Norway Masters blitz"]
[Site "Stavanger"]
[Date "2013.05.07"]
[Round "6"]
[White "Karjakin, Sergey"]
[Black "Radjabov, Teimour"]
[Result "1-0"]
[WhiteElo "2767"]
[BlackElo "2745"]
[PlyCount "99"]
[EventDate "2013.05.07"]
[EventType "tourn (blitz)"]
[EventRounds "9"]
[EventCountry "NOR"]
[EventCategory "21"]
[SourceTitle "CBM 154 Extra"]
[Source "ChessBase"]
[SourceDate "2013.06.25"]
[SourceVersion "2"]
[SourceVersionDate "2013.06.25"]
[SourceQuality "1"]

1. e4 c5 2. Nf3 Nc6 3. Nc3 d6 4. d4 cxd4 5. Nxd4 e5 6. Nf5 Bxf5 7. exf5 Qd7 8.
g3 Qxf5 9. Bg2 Nf6 10. O-O Be7 11. Nd5 Nxd5 12. Bxd5 O-O 13. c3 Qd7 14. a4 Bd8
15. b4 Ne7 16. Bg2 d5 17. Qb3 Rc8 18. Rd1 Qc6 19. Bb2 e4 20. b5 Qe6 21. a5 Bc7
22. Ba3 Bd6 23. Bxd6 Qxd6 24. Bxe4 Qe5 25. Bxd5 Nxd5 26. Rxd5 Rxc3 27. Rxe5
Rxb3 28. Rd1 Ra3 29. b6 axb6 30. axb6 Rb3 31. Rd6 g6 32. Re7 Kg7 33. Rxb7 h5
34. h4 Rb2 35. Kg2 Re8 36. Rdd7 Rf8 37. Kf3 Rb4 38. Ke3 Rb2 39. f3 Rb3+ 40. Ke4
Re8+ 41. Kd4 Rxf3 42. Rbc7 Re1 43. b7 Rb1 44. Kc5 Rc3+ 45. Kd6 Rd3+ 46. Ke7
Rxd7+ 47. Kxd7 g5 48. Kc8 Kg6 49. Rc5 f5 50. Rc6+ 1-0